000
00254nam a2200109Ia 4500
005
20251222114345.0
008
251222s1900||||xx |||||||||||||| ||spa||
082
_a
DVD0092/S25/1997
245
0
_a
Cristo se quedó en Ayacucho.
264
_b
TPV
942
_c
DVD
999
_c
1007
_d
1007